00527nam a22002057a 4500003000500000005001700005008004100022010000900063011000900072035000900081040000900090082002200099110000800121245006700129260002300196300001100219490003000230650003100260830003000291CHAP20220817041149.0971013s1993 r 00010 d a7710 a8682 a7912 cCHAP a630.83bF42f 1980 aFAO aRecensement mondial de l'agriculture de 1980b: méthodologie aRome :bFAO,c1993 a341 p. aFAO. Estadísticav; 10714aAgriculturaxEstadisticas.0 aFAO. Estadísticav; 107